<?xml version="1.0" encoding="UTF-8"?><?xml-stylesheet type="text/xsl" href="static/style.xsl"?><OAI-PMH xmlns="http://www.openarchives.org/OAI/2.0/" xmlns:xsi="http://www.w3.org/2001/XMLSchema-instance" xsi:schemaLocation="http://www.openarchives.org/OAI/2.0/ http://www.openarchives.org/OAI/2.0/OAI-PMH.xsd"><responseDate>2026-04-17T15:53:10Z</responseDate><request verb="GetRecord" identifier="oai:www.recercat.cat:20.500.12328/1143" metadataPrefix="marc">https://recercat.cat/oai/request</request><GetRecord><record><header><identifier>oai:recercat.cat:20.500.12328/1143</identifier><datestamp>2025-05-20T00:03:01Z</datestamp><setSpec>com_2072_67741</setSpec><setSpec>col_2072_484352</setSpec></header><metadata><record xmlns="http://www.loc.gov/MARC21/slim" xmlns:dcterms="http://purl.org/dc/terms/" xmlns:xsi="http://www.w3.org/2001/XMLSchema-instance" xmlns:doc="http://www.lyncode.com/xoai" xsi:schemaLocation="http://www.loc.gov/MARC21/slim http://www.loc.gov/standards/marcxml/schema/MARC21slim.xsd">
   <leader>00925njm 22002777a 4500</leader>
   <datafield ind2=" " ind1=" " tag="042">
      <subfield code="a">dc</subfield>
   </datafield>
   <datafield ind2=" " ind1=" " tag="720">
      <subfield code="a">Monforte Royo, Cristina</subfield>
      <subfield code="e">author</subfield>
   </datafield>
   <datafield ind2=" " ind1=" " tag="720">
      <subfield code="a">Crespo, Iris</subfield>
      <subfield code="e">author</subfield>
   </datafield>
   <datafield ind2=" " ind1=" " tag="720">
      <subfield code="a">Rodríguez Prat, Andrea</subfield>
      <subfield code="e">author</subfield>
   </datafield>
   <datafield ind2=" " ind1=" " tag="720">
      <subfield code="a">Marimon Viadiu, Frederic</subfield>
      <subfield code="e">author</subfield>
   </datafield>
   <datafield ind2=" " ind1=" " tag="720">
      <subfield code="a">Porta Sales, Josep</subfield>
      <subfield code="e">author</subfield>
   </datafield>
   <datafield ind2=" " ind1=" " tag="720">
      <subfield code="a">Balaguer Santamaría, Albert</subfield>
      <subfield code="e">author</subfield>
   </datafield>
   <datafield ind2=" " ind1=" " tag="260">
      <subfield code="c">2018-09-24</subfield>
   </datafield>
   <datafield ind2=" " ind1=" " tag="520">
      <subfield code="a">Objective: To test a model in which perceived loss of dignity and control are proposed, along with symptoms of depression and functional impairment, as risk factors for the wish to hasten death (WTHD) in advanced cancer patients.&#xd;
Methods: This was a cross-sectional study of 193 patients in an oncology unit. Outcome measures included perceived control, performance status, symptoms of depression, perceived dignity, and the WTHD. Structural equation modeling was performed.&#xd;
Results: The WTHD correlated significantly with perceived control (rs = -.216), performance status (rs = -.175), symptoms of depression (rs = .351), and perceived loss of dignity (rs = .308). Structural equation modeling showed that perceived loss of control (-.402) and functional impairment (-.21) were risk factors for perceived loss of dignity. Loss of control (-.385) and functional impairment (-.283) were also risk factors for symptoms of depression. Perceived loss of dignity and symptoms of depression were the most proximal determinants of the WTHD, on which they had a direct, positive, and significant effect (.246 and .209, respectively). Therefore, both symptoms of depression and perceived loss of dignity independently predicted the WTHD and mediated the effects of perceived loss of control and functional impairment on this wish.&#xd;
Conclusions: The hypothesized model provides evidence for the impact of the four aforementioned factors on the WTHD. Our results suggest that personalized care plans which are able to enhance the sense of dignity and control among advanced cancer patients could help to reduce the likelihood or intensity of a WTHD.</subfield>
   </datafield>
   <datafield ind1="8" ind2=" " tag="024">
      <subfield code="a">Monforte-Royo, Cristina; Crespo, Iris; Rodríguez-Prat, Andrea; Marimon Viadiu, Frederic; Porta-Sales, Josep; Balaguer, Albert. «The role of perceived dignity and control in the wish to hasten death among advanced cancer patients: A mediation model». Psycho-Oncology, 2018, vol. 27, núm. 12, p. 2840-2846. Disponible en: &lt;https://onlinelibrary.wiley.com/doi/abs/10.1002/pon.4900>. Fecha de acceso: 09 jul. 2019. https://doi.org/10.1002/pon.4900</subfield>
   </datafield>
   <datafield ind1="8" ind2=" " tag="024">
      <subfield code="a">1057-9249</subfield>
   </datafield>
   <datafield ind1="8" ind2=" " tag="024">
      <subfield code="a">http://hdl.handle.net/20.500.12328/1143</subfield>
   </datafield>
   <datafield ind1="8" ind2=" " tag="024">
      <subfield code="a">https://doi.org/10.1002/pon.4900</subfield>
   </datafield>
   <datafield tag="653" ind2=" " ind1=" ">
      <subfield code="a">Càncer--Aspectes psicològics</subfield>
   </datafield>
   <datafield tag="653" ind2=" " ind1=" ">
      <subfield code="a">Cancer - Psychological aspects</subfield>
   </datafield>
   <datafield tag="653" ind2=" " ind1=" ">
      <subfield code="a">Cáncer--Aspectos psicológicos</subfield>
   </datafield>
   <datafield tag="653" ind2=" " ind1=" ">
      <subfield code="a">Eutanàsia</subfield>
   </datafield>
   <datafield tag="653" ind2=" " ind1=" ">
      <subfield code="a">Euthanasia</subfield>
   </datafield>
   <datafield tag="653" ind2=" " ind1=" ">
      <subfield code="a">Eutanasia</subfield>
   </datafield>
   <datafield tag="653" ind2=" " ind1=" ">
      <subfield code="a">Depressió psíquica</subfield>
   </datafield>
   <datafield tag="653" ind2=" " ind1=" ">
      <subfield code="a">Depression, Mental</subfield>
   </datafield>
   <datafield tag="653" ind2=" " ind1=" ">
      <subfield code="a">Depresión mental</subfield>
   </datafield>
   <datafield ind2="0" ind1="0" tag="245">
      <subfield code="a">The role of perceived dignity and control in the wish to hasten death among advanced cancer patients: A mediation model</subfield>
   </datafield>
</record></metadata></record></GetRecord></OAI-PMH>